| 000 | 00964pam a2200301 a 4500 | ||
|---|---|---|---|
| 001 | 015408043 | ||
| 003 | OSt | ||
| 005 | 20161102133907.0 | ||
| 008 | 091028s2011 nyua 001 0 eng|d | ||
| 020 | _a9780071220705 (pbk.) | ||
| 020 | _a0071220704 (pbk.) | ||
| 040 |
_aStDuBDS _beng _cStDuBDS _dUk |
||
| 082 | 0 | 0 |
_a330.015195 _222 _bDOA |
| 100 | 1 |
_94553 _aDoane, David P. |
|
| 245 | 1 | 0 |
_aApplied statistics in business and economics / _cDavid Doane, Lori Seward. |
| 250 | _a3rd ed., McGraw-Hill international ed. | ||
| 260 |
_aNew York, N.Y. : _bMcGraw-Hill Higher Education, _cc.2011. |
||
| 300 |
_axxv, 831 p. : _bcol. ill. ; _c28 cm. |
||
| 500 | _aIncludes index. | ||
| 500 | _aPrevious ed.: 2009. | ||
| 500 | _a"International student edition" --cover. | ||
| 650 | 0 | _aEconometrics. | |
| 650 | 0 | _aCommercial statistics. | |
| 653 |
_bBUSECO _cMarch2015 |
||
| 655 |
_vreading book _934232 |
||
| 700 | 1 |
_aSeward, Lori Welte, _d1962- _94557 |
|
| 942 | _2ddc | ||
| 999 |
_c19046 _d19018 |
||